<?xml version="1.0" encoding="UTF-8"?>
<record
    xmlns:xsi="http://www.w3.org/2001/XMLSchema-instance"
    xsi:schemaLocation="http://www.loc.gov/MARC21/slim http://www.loc.gov/standards/marcxml/schema/MARC21slim.xsd"
    xmlns="http://www.loc.gov/MARC21/slim">

  <leader>01149nam a2200289 a 4500</leader>
  <controlfield tag="001">000033135</controlfield>
  <controlfield tag="003">OSt</controlfield>
  <controlfield tag="005">20201117144254.0</controlfield>
  <controlfield tag="008">090904s2011    dr abc        000 0 spa d</controlfield>
  <datafield tag="020" ind1=" " ind2=" ">
    <subfield code="a">9789945875485</subfield>
  </datafield>
  <datafield tag="040" ind1=" " ind2=" ">
    <subfield code="a">DO-SdBNP</subfield>
    <subfield code="b">spa</subfield>
    <subfield code="c">BNPHU</subfield>
  </datafield>
  <datafield tag="082" ind1=" " ind2=" ">
    <subfield code="a">325.7294</subfield>
    <subfield code="b">I57h</subfield>
  </datafield>
  <datafield tag="245" ind1="0" ind2="0">
    <subfield code="a">Inmigrantes haitianos y mercado laboral :</subfield>
    <subfield code="b">estudios sobre los trabajadores de la construcci&#xF3;n y de la producci&#xF3;n del guineo en Rep&#xFA;blica Dominicana /</subfield>
    <subfield code="c">Frank B&#xE1;ez Evertsz... [et.al].</subfield>
  </datafield>
  <datafield tag="260" ind1=" " ind2=" ">
    <subfield code="a">Santo Domingo :</subfield>
    <subfield code="b">OMLAD,</subfield>
    <subfield code="c">2011.</subfield>
  </datafield>
  <datafield tag="300" ind1=" " ind2=" ">
    <subfield code="a">223 p. :</subfield>
    <subfield code="b">il., gr&#xE1;f.,mapas ;</subfield>
    <subfield code="c">26 cm.</subfield>
  </datafield>
  <datafield tag="504" ind1=" " ind2=" ">
    <subfield code="a">Bibliograf&#xED;a : p. 209-223</subfield>
  </datafield>
  <datafield tag="590" ind1=" " ind2=" ">
    <subfield code="a">Inventariado, 2018/BT</subfield>
  </datafield>
  <datafield tag="650" ind1=" " ind2="4">
    <subfield code="a">Trabajadores de la construcci&#xF3;n</subfield>
    <subfield code="z">Rep&#xFA;blica Dominicana</subfield>
    <subfield code="9">17162</subfield>
  </datafield>
  <datafield tag="650" ind1=" " ind2="4">
    <subfield code="a">Trabajadores agr&#xED;colas</subfield>
    <subfield code="z">Rep&#xFA;blica Dominicana</subfield>
    <subfield code="9">8414</subfield>
  </datafield>
  <datafield tag="650" ind1=" " ind2="4">
    <subfield code="a">Haitianos en rep&#xFA;blica dominicana</subfield>
    <subfield code="9">2246</subfield>
  </datafield>
  <datafield tag="650" ind1=" " ind2="4">
    <subfield code="a">Producci&#xF3;n agropecuaria</subfield>
    <subfield code="z">Rep&#xFA;blica Dominicana</subfield>
    <subfield code="9">19604</subfield>
  </datafield>
  <datafield tag="650" ind1=" " ind2="4">
    <subfield code="a">Banano</subfield>
    <subfield code="x">Cultivo</subfield>
    <subfield code="9">12319</subfield>
  </datafield>
  <datafield tag="700" ind1="1" ind2="2">
    <subfield code="a">B&#xE1;ez Evertsz, Frank</subfield>
    <subfield code="9">58796</subfield>
  </datafield>
  <datafield tag="710" ind1="2" ind2=" ">
    <subfield code="a">Observatorio del Mercado Laboral Dominicano</subfield>
    <subfield code="9">58797</subfield>
  </datafield>
  <datafield tag="910" ind1=" " ind2=" ">
    <subfield code="a">Control de calidad. MFF</subfield>
  </datafield>
  <datafield tag="942" ind1=" " ind2=" ">
    <subfield code="2">ddc</subfield>
    <subfield code="c">LBS1</subfield>
  </datafield>
  <datafield tag="952" ind1=" " ind2=" ">
    <subfield code="0">0</subfield>
    <subfield code="1">0</subfield>
    <subfield code="2">ddc</subfield>
    <subfield code="5">6</subfield>
    <subfield code="7">0</subfield>
    <subfield code="8">DS</subfield>
    <subfield code="a">BNPHU</subfield>
    <subfield code="b">GR</subfield>
    <subfield code="c">HD</subfield>
    <subfield code="d">2011-08-17</subfield>
    <subfield code="l">0</subfield>
    <subfield code="o">BNPHU DS 325.7294 I57h</subfield>
    <subfield code="p">33135-30</subfield>
    <subfield code="r">2020-06-25</subfield>
    <subfield code="t">e. 3</subfield>
    <subfield code="w">2020-06-25</subfield>
    <subfield code="y">LFDS</subfield>
  </datafield>
  <datafield tag="952" ind1=" " ind2=" ">
    <subfield code="0">0</subfield>
    <subfield code="1">0</subfield>
    <subfield code="2">ddc</subfield>
    <subfield code="5">1</subfield>
    <subfield code="7">2</subfield>
    <subfield code="8">PD</subfield>
    <subfield code="a">BNPHU</subfield>
    <subfield code="b">PD</subfield>
    <subfield code="c">HD</subfield>
    <subfield code="d">2011-08-17</subfield>
    <subfield code="l">0</subfield>
    <subfield code="o">BNPHU PD 325.7294 I57h</subfield>
    <subfield code="p">33135-10</subfield>
    <subfield code="r">2020-06-25</subfield>
    <subfield code="t">e. 2</subfield>
    <subfield code="w">2020-06-25</subfield>
    <subfield code="y">LFPD</subfield>
  </datafield>
  <datafield tag="952" ind1=" " ind2=" ">
    <subfield code="0">0</subfield>
    <subfield code="1">0</subfield>
    <subfield code="2">ddc</subfield>
    <subfield code="5">1</subfield>
    <subfield code="7">1</subfield>
    <subfield code="8">PD</subfield>
    <subfield code="a">BNPHU</subfield>
    <subfield code="b">PD</subfield>
    <subfield code="c">HD</subfield>
    <subfield code="d">2011-08-17</subfield>
    <subfield code="l">0</subfield>
    <subfield code="o">BNPHU PD 325.7294 I57h</subfield>
    <subfield code="p">33135-20</subfield>
    <subfield code="r">2020-06-25</subfield>
    <subfield code="w">2020-06-25</subfield>
    <subfield code="y">LFPD</subfield>
  </datafield>
  <datafield tag="952" ind1=" " ind2=" ">
    <subfield code="0">0</subfield>
    <subfield code="1">0</subfield>
    <subfield code="2">ddc</subfield>
    <subfield code="5">6</subfield>
    <subfield code="7">0</subfield>
    <subfield code="8">DS</subfield>
    <subfield code="a">GR</subfield>
    <subfield code="b">BNPHU</subfield>
    <subfield code="c">HD</subfield>
    <subfield code="d">2020-11-17</subfield>
    <subfield code="e">COPARDOM </subfield>
    <subfield code="l">0</subfield>
    <subfield code="o">BNPHU DS 325.7294 I57h</subfield>
    <subfield code="p">2021-1277</subfield>
    <subfield code="r">2020-11-17</subfield>
    <subfield code="t">e.4</subfield>
    <subfield code="w">2020-11-17</subfield>
    <subfield code="y">LFDS</subfield>
  </datafield>
  <datafield tag="999" ind1=" " ind2=" ">
    <subfield code="c">32626</subfield>
    <subfield code="d">32626</subfield>
  </datafield>
</record>
